LEADER 01530nam--2200421---450- 001 990002468990203316 005 20090824115624.0 010 $a88-85343-07-4 035 $a000246899 035 $aUSA01000246899 035 $a(ALEPH)000246899USA01 035 $a000246899 100 $a20050909-2004----m||y0itay0103----ba 101 0 $aita 102 $aIT 105 $ay|||z|||001yy 200 1 $aLinea di privacy$einformazione in equilibrio tra riservatezza e diritto di cronaca$euna bussola per i giornalisti tra leggi, codici e deontologia$fRoberto Toppetta$gprefazioni di Vittorio Roidi e Mauro Paissan 210 $aRoma$cCentro di documentazione giornalistica$d2004 215 $a189 p.$d21 cm 225 2 $aJournalism & communication tools 410 $aJournalism & communication tools 606 0 $aDiritto all'informazione 606 0 $aDiritto alla riservatezza$xTutela 676 $a342.0858 700 1$aTOPPETTA,$bRoberto$0289430 801 0$aIT$2UNIMARC 912 $a990002468990203316 951 $aXXIV.2.D 120 (IG IV 1682)$b182319 L.M.$cXXIV.2.D 120 (IG IV)$d00182502 951 $aXXIV.2.D 120a (IG IV 1699)$b182786 L.M.$cXXIV.2.D 120a (IG IV)$d00117839 959 $aBK 969 $aGIU 979 $aPAOLA$b90$c20050909$lUSA01$h1128 979 $aPAOLA$b90$c20050909$lUSA01$h1130 979 $aPECORARO$b90$c20051024$lUSA01$h1324 979 $aRSIAV5$b90$c20090824$lUSA01$h1051 979 $aRSIAV5$b90$c20090824$lUSA01$h1156 996 $aLinea di privacy$9756543 997 $aUNISA